000 00583nam a2200217Ia 4500
005 20241129120240.0
008 241129s9999||||xx |||||||||||||| ||und||
020 _a9789395737456
037 _aTB
040 _aSDCL
_beng
_cSDCL
041 _ahin
_2hin
084 _aO152,3K27, R3.1 LR
_qSDCL
100 _aPatil Vishwas
245 0 _aMahasamrath (Khand- 1): Jhanjhavat
260 _aNew Delhi
_bRajkamal Prakashan
_c2023
300 _a437p.
365 _aINR
_b999
650 _aHindi
942 _cTB
_hO152,3K27, R3.1 LR
999 _c1234003
_d1234003